| 000 | 00533nam a2200205Ia 4500 | ||
|---|---|---|---|
| 005 | 20240423090254.0 | ||
| 008 | 131103s9999 xx 000 0 und d | ||
| 020 |
_a8173814056 _cRs.350.00 |
||
| 040 | _aLoreto College | ||
| 041 | _aEnglish | ||
| 082 |
_a519 _bKAR |
||
| 100 | _aKarak,P.M. | ||
| 245 |
_aLinear programming and theory of games _cP.M.Karak |
||
| 260 |
_aKolkata _bNew Central Book agency _c2011 |
||
| 300 | _avii,516p | ||
| 650 | _aLinear programming | ||
| 651 | _aGame theory | ||
| 850 | _aLCLIB | ||
| 942 | _cBK | ||
| 999 |
_c37524 _d88003 |
||